LEADER 01766nam a2200337 u 4500 001 000000030568 003 CaOOAMICUS 005 20070226112037.0 008 970917r19711912stk u000 u eng u 035 $a10769693 040 $aPUL(R)$bita 100 1 $aMitchell, Hinckley Gilbert Thomas,$d1846-1920.$0(OLS)http://pul/name/24599 245 12$aA critical and exegetical commentary on Haggai, Zechariah, Malachi and Jonah /$cby Hinckley G. Mitchell, DD., John Merlin Powis Smith, Ph.D., Julius A. Bewer, Ph.D. 260 $aEdinburgh :$bT. & T. Clark,$c1971. 300 $a3 v. in 1 ;$c22 cm 490 1 $aInternational critical commentary on the Holy Scriptures of the Old and New Testaments 500 $aComprende indici. 500 $aRistampa della 1. ed. del 1912. 630 04$aBiblia.$pV.T.$pProphetae minores$xCommenti.$0(OLS)http://pul/subject/2003 700 1 $aBewer, Julius August,$dn. 1877.$0(OLS)http://pul/name/24598 700 1 $aSmith, John Merlin Powis,$d1866-1932.$0(OLS)http://pul/name/24596 830 0$aInternational critical commentary on the Holy Scriptures of the Old and New Testaments.$0(OLS)http://pul/title/41926 850 $aPUL 852 $aPUL$W1$xSL Religione 1$y3$m5 L 25$j42262$nBK-PRI$b $qStampati$B42262$CPULBib$Z2$F42262 $H $81 852 $aPUL$W1$xDP1 Fondo Ciprotti$y59$m1533 G 13$j42263$nBK-PRI$b $qFondi$B42263$CPULBib$Z2$F42263 $H $81 941 1 $a8 941 1 $a1 961 $aINV: 47877. 961 $aINV: 0429. Fondo Ciprotti 996 $6245$aA critical and exegetical commentary on Haggai, Zechariah, Malachi and Jonah$9(OLS)http://pul/title/41986 996 $6260$aEdinburgh :$bT. & T. Clark$9(OLS)http://pul/publisher/51693 LEADER 02384nam a2200373 u 4500 001 000000042566 003 CaOOAMICUS 005 20110216092053.0 008 990304s1565 fr u001 u lat r 026 $ai-r- rea-$b7.r- dano (3)$c1565 (R) 035 $a10816149 040 $aPUL$bita 100 1 $aAlciati, Andrea,$d1492-1550.$0(OLS)http://pul/name/16043 245 10$aAndreae Alciati I.C. mediolanensis De verborum significatione, libri IIII. Eiusdem in titulum XVI. Lib.L. Digestorum commentarii. Accessit index locupletissimus. 246 30$aDe verborum significatione 260 $aLugduni :$bimpensis Ant. Gryphii.,$c1565. 300 $a214, [2], 99 [i.d. 89], [6], 635, [43]p. ;$c8° (16 cm). 500 $aSegnatura: A-N8 O4 [alfa]-[zeta]8 a-z8 A-R8 [ast]-3[ast]8. 500 $aA cura di Pardoux Duprat il cui nome appare a p. 214. 500 $aIniziali xil. 500 $aInclude indice. 505 0 $aPt.1: Andreae Alciati ... de verborum significatione -- pt.2: Ex libro L. Digestorum -- pt.3: Andreae Alciati ... De verborum er rerum signoficatione rubrica 662 $aFrancia$dLione.$0(OLS)http://pul/subject/34957 700 1 $aDuprat, Pardoux,$d1520?-1570?.$0(OLS)http://pul/name/3348 710 0 $aGryphius, Antoine$4pbl.$0(OLS)http://pul/name/78542 850 $aPUL 852 $aPUL$W1$xDP1 Antico 500$y12$m197 B 15$j57497$nBK-PRI$qStampati Antico$B57497$CPULBib$Z2$F57497 $H3073 $82 900 $aAlciato, Andrea,$d1492-1550$916043 941 1 $a15 961 $aEsemplare mancante della coperta.Nota mss. sul recto della carta di guardia anteriore.Nota mss. di possesso sul front.Timbri sul front.: Bibliotheca Pontificium Institutum Utriusque Iuris e Pontificio Seminario Romano (2).Timbro a p. 17: Bibliotheca Pontificium Institutum Utriusque Iuris.Esemplare mutilo delle p. 149-156 e della c. ***8.Nota mss. sul verso della carta di guardia posteriore: "A. M. Questo libro fu co[m]prato [?] 25 a di 28 d'Aprile 1574". 996 $6246$aDe verborum significatione$9(OLS)http://pul/title/57391 996 $6245$aAndreae Alciati I.C. mediolanensis De verborum significatione, libri IIII. Eiusdem in titulum XVI. Lib.L. Digestorum commentarii. Accessit index locupletissimus$9(OLS)http://pul/title/57441 996 $6260$aLugduni :$bimpensis Ant. Gryphii.$9(OLS)http://pul/publisher/64923